000
00210 a2200097 4500
001
4645
100
_a
Lathbury,D.C
245
_a
English hymnal with tunes, the
260
_a
_b
Humphrey
_c
090
_c
3839
_d
3839
942
_a
NUST-CAE
_c
M
_c
30088
999
_c
239718
_d
239718